Las franquicias un estudio legal y contractual (Registro nro. 48073)

Detalles MARC
000 -ENCABEZADO
Número de control [NR] 00892nam a2200217Ia 4500
008 - DE LONGITUD FIJA DE DATOS DE ELEMENTOS - INFORMACIÓN GENERAL
Elementos de longitud fija [NR] 130821s1995 ck gr spa
040 ## - FUENTE DE CATALOGACION [NR]
Agencia de catalogación original [NR] Co-BoUCM
Idioma de catalogación [NR] spa
041 00 - CODIGO DE IDIOMA [R]
Código de idioma para texto/pista de sonido o título separado [R] Español
100 1# - ASIENTO PRINCIPAL--NOMBRE PERSONAL [NR]
Nombre personal [NR] Alturo Garcia, Sandra
ID Autoridad 162366
245 14 - MENCION DE TITULO [NR]
Título [NR] Las franquicias un estudio legal y contractual
Mención de responsabilidad, etc. [NR] Sandra Alturo García, César Torrente Bayona, Héctor Rubén Galindo Vanegas
260 ## - PUBLICACION, DISTRIBUCION, ETC. (PIE DE IMPRENTA) [R]
Lugar de publicación, distribución, etc. [R] Bogotá (Colombia)
Nombre del editor, distribuidor, etc. [R] Cámara de Comercio de Bogotá
Fecha de publicación, distribución, etc. [R] 1995
300 ## - DESCRIPCION FISICA [R]
Extensión [R] 171 páginas
490 ## - MENCION DE SERIE [R]
Mención de serie [R] Serie Biblioteca Cámara de Comercio de Bogotá
Designación numérica/secuencial del volumen [NR] 66.
650 04 - ASIENTO SECUNDARIO DE MATERIA - TERMINO TEMATICO [R]
Término temático o nombre geográfico como elemento de entrada [NR] Derecho comercial
9 (RLIN) 12717
650 04 - ASIENTO SECUNDARIO DE MATERIA - TERMINO TEMATICO [R]
Término temático o nombre geográfico como elemento de entrada [NR] Privilegios e inmunidades
Subdivisión general [R] Comercio minorista
-- Legislación
9 (RLIN) 22306
650 04 - ASIENTO SECUNDARIO DE MATERIA - TERMINO TEMATICO [R]
Término temático o nombre geográfico como elemento de entrada [NR] Regulación del comercio
9 (RLIN) 23370
700 1# - ASIENTO SECUNDARIO - NOMBRE PERSONAL [R]
Nombre personal [NR] Galindo Vanegas, He'ctor Rubén
9 (RLIN) 162367
700 1# - ASIENTO SECUNDARIO - NOMBRE PERSONAL [R]
Nombre personal [NR] Torrente Bayona, César
9 (RLIN) 162368
942 ## - ELEMENTOS DE ENTRADA AGREGADOS (KOHA)
Tipo de ítem principal el descrito en 300a Libro
Tema principal Derecho
Edición 1
Parte restante de la signatura top. A469f
Sistema de clasificación DEWEY
Clasificación 343.08
Existencias
Fecha de último préstamo Total préstamos Total Renewals Signatura topográfica Código de barras Última vez visto Ejemplar Price effective from Tipo de ítem Perdido Sistema de clasificación Dañado No prestable Tipo de ítem específico Suprimido Ubicación habitual Ubicación actual Localización Fecha de creación Forma de adquisición Costo
22/02/2019 22 11 343.08 A469f 100074858 01/07/2026 Ej.1 03/02/2013 Libro   DEWEY     Libro   Claustro Claustro 3er piso 28/02/2006 Compra 26000.00